Statistiques concernant Pokémon : 1ère génération (100 seconds et leur(s) type(s))

Cliquez ici pour prendre le quiz!

Statistiques générales

  • Ce quiz a été pris 22 fois
  • Le résultat moyen est 63 sur 100

Statistiques - réponses

#PokémonType 1Type 2% Correct
156FeurissonFEU/
87%
152GermignonPLANTE/
87%
155HéricendreFEU/
87%
158KaiminusEAU/
80%
153MacroniumPLANTE/
80%
154MéganiumPLANTE/
80%
160AligatueurEAU/
73%
159CrocrodilEAU/
73%
244EnteiFEU/
73%
163HoothootNORMALVOL
73%
170LoupioEAUELECTRIK
73%
164NoarfangNORMALVOL
73%
243RaikouELECTRIK/
73%
245SuicuneEAU/
73%
157TyphlosionFEU/
73%
227AirmureACIERVOL
67%
251CelebiPSYPLANTE
67%
221CochignonGLACESOL
67%
198CornèbreTENEBRESVOL
67%
189CotovolPLANTEVOL
67%
236DebugantCOMBAT/
67%
229DémolosseTENEBRESFEU
67%
246EmbrylexROCHESOL
67%
215FarfuretTENEBRESGLACE
67%
188FloravolPLANTEVOL
67%
205ForetressINSECTEACIER
67%
162FouinarNORMAL/
67%
161FouinetteNORMAL/
67%
203GirafarigNORMALPSY
67%
187GranivolPLANTEVOL
67%
192HéliatroncPLANTE/
67%
250Ho-OhFEUVOL
67%
230HyporoiEAUDRAGON
67%
237KapoeraCOMBAT/
67%
180LainergieELECTRIK/
67%
171LanturnEAUELECTRIK
67%
218LimagmaFEU/
67%
238LippoutiGLACEPSY
67%
249LugiaPSYVOL
67%
228MalosseTENEBRESFEU
67%
220MarcacrinGLACESOL
67%
173MéloFEE/
67%
177NatuPSYVOL
67%
181PharampELECTRIK/
67%
172PichuELECTRIK/
67%
204PomdepikINSECTE/
67%
207ScorplaneSOLVOL
67%
208SteelixACIERSOL
67%
175TogepiFEE/
67%
174ToudoudouNORMALFEE
67%
248TyranocifROCHETENEBRES
67%
219VolcaropodFEUROCHE
67%
179WattouatELECTRIK/
67%
178XatuPSYVOL
67%
193YanmaINSECTEVOL
67%
247YmphectROCHESOL
67%
194AxolotoEAUSOL
60%
184AzumarillEAUFEE
60%
225CadoizoGLACEVOL
60%
213CaratrocINSECTEROCHE
60%
234CerfrousseNORMAL/
60%
212CizayoxINSECTEACIER
60%
165CoxyINSECTEVOL
60%
166CoxyclaqueINSECTEVOL
60%
232DonphanSOL/
60%
239ÉlekidELECTRIK/
60%
210GranbullFEE/
60%
242LeuphorieNORMAL/
60%
240MagbyFEU/
60%
195MaraisteEAUSOL
60%
183MarillEAUFEE
60%
168MigalosINSECTEPOISON
60%
167MimigalINSECTEPOISON
60%
169NostenferPOISONVOL
60%
231PhanpySOL/
60%
235QueuloriorNORMAL/
60%
202QulbutokéPSY/
60%
211QwilfishEAUPOISON
60%
199RoigadaEAUPSY
60%
214ScarhinoINSECTECOMBAT
60%
209SnubbullFEE/
60%
176TogeticFEEVOL
60%
191TournegrinPLANTE/
60%
201ZarbiPSY/
60%
222CorayonEAUROCHE
53%
226DémantaEAUVOL
53%
200FeuforêveSPECTRE/
53%
182JoliflorPLANTE/
53%
196MentaliPSY/
53%
197NoctaliTENEBRES/
53%
241ÉcrémeuhNORMAL/
47%
206InsolourdoNORMAL/
47%
224OctilleryEAU/
47%
223RémoraidEAU/
47%
186TarpaudEAU/
47%
216TeddiursaNORMAL/
47%
217UrsaringNORMAL/
47%
233Porygon2NORMAL/
40%
185SimularbreROCHE/
40%
190CapumainNORMAL/
27%

Distribution des résultats

Percentile par nombre de réponses

% des personnes avec chaque résultat

Votre développement - résultats

Vous n’avez pas pris ce quiz